<?xml version="1.0" encoding="UTF-8"?>
<marc:record xmlns:marc="http://www.loc.gov/MARC21/slim">
   <marc:leader>00000nam a2200000 a 4500</marc:leader>
   <marc:datafield ind1="1" ind2=" " tag="100">
      <marc:subfield code="a">Ingledew, John</marc:subfield>
      <marc:subfield code="4">aut</marc:subfield>
      <marc:subfield code="e">Verfasser/-in</marc:subfield>
   </marc:datafield>
   <marc:datafield ind1=" " ind2=" " tag="653">
      <marc:subfield code="a">Digitale Fotografie</marc:subfield>
   </marc:datafield>
   <marc:datafield ind1=" " ind2=" " tag="653">
      <marc:subfield code="a">Softcover / Sachbücher/Kunst</marc:subfield>
   </marc:datafield>
   <marc:datafield ind1=" " ind2=" " tag="653">
      <marc:subfield code="a">Literatur/Fotokunst</marc:subfield>
   </marc:datafield>
   <marc:datafield ind1=" " ind2=" " tag="653">
      <marc:subfield code="a">Anleitung</marc:subfield>
   </marc:datafield>
   <marc:datafield ind1="0" ind2="0" tag="245">
      <marc:subfield code="a">Fotografieren heute</marc:subfield>
   </marc:datafield>
   <marc:datafield ind1="0" ind2="0" tag="245">
      <marc:subfield code="c">John Ingledew. [Übers. Susanne Ochs</marc:subfield>
   </marc:datafield>
   <marc:datafield ind1=" " ind2="1" tag="264">
      <marc:subfield code="a">Köln</marc:subfield>
      <marc:subfield code="b">DuMont</marc:subfield>
      <marc:subfield code="c">2010</marc:subfield>
   </marc:datafield>
   <marc:datafield ind1="1" ind2=" " tag="520">
      <marc:subfield code="a">Angaben aus der Verlagsmeldung

Fotografieren heute / von John Ingledew

Dieses Handbuch Fotografie vermittelt bestes Grundlagenwissen für Studenten des Designs, der Kunst oder Fotografie, ebenso wie für junge und auch für erfahrene Fotografen. Der leicht verständliche Ratgeber erläutert nicht nur die seit dem Beginn der Lichtbild nerei üblichen Themen und Motive, sondern bietet einen grif figen Überblick zur Geschichte der Fotografie. Hier werden die großen Meister dieser Kunst und frische Werke von jungen Fotografen aus der ganzen Welt vorgestellt sowie in einfacher und klarer Weise alle fotografischen Techniken von der analogen bis zur digitalen Fotografie erklärt. Ein gut lesbares Standardwerk über Fotografie. Der um fassende Anhang liefert eine Übersicht zu den wichtigsten Ausbildungen und Berufsbildern sowie Literaturempfehlungen, Websites und ein Begriffsregister mit Worterklärungen.

John Ingledew ist Professor für Fotografie am St. Martins College of Art and Design in London.

- Universelles Handbuch
- Analoge und digitale Fotografie
- Für Laien und Profis
</marc:subfield>
   </marc:datafield>
   <marc:datafield ind1=" " ind2=" " tag="020">
      <marc:subfield code="a">9783832192969</marc:subfield>
      <marc:subfield code="9">9783832192969</marc:subfield>
   </marc:datafield>
   <marc:datafield ind1=" " ind2=" " tag="041">
      <marc:subfield code="a">ger</marc:subfield>
   </marc:datafield>
   <marc:datafield ind1=" " ind2=" " tag="300">
      <marc:subfield code="a">256 S.</marc:subfield>
   </marc:datafield>
</marc:record>
